<?xml version="1.0" encoding="UTF-8"?>
<record
    xmlns:xsi="http://www.w3.org/2001/XMLSchema-instance"
    xsi:schemaLocation="http://www.loc.gov/MARC21/slim http://www.loc.gov/standards/marcxml/schema/MARC21slim.xsd"
    xmlns="http://www.loc.gov/MARC21/slim">

  <leader>01246nam1a2200337 i 4500</leader>
  <controlfield tag="001">RU\NLR\bibl\85190</controlfield>
  <controlfield tag="005">20260406114703.0</controlfield>
  <datafield tag="010" ind1=" " ind2=" ">
    <subfield code="a">5-02-011189-9</subfield>
  </datafield>
  <datafield tag="035" ind1=" " ind2=" ">
    <subfield code="a">(NLR Aleph) 000083203</subfield>
  </datafield>
  <datafield tag="090" ind1=" " ind2=" ">
    <subfield code="a">464095</subfield>
    <subfield code="c">464095</subfield>
  </datafield>
  <datafield tag="100" ind1=" " ind2=" ">
    <subfield code="a">20000511g19  9999u  y0rusy50      ca</subfield>
  </datafield>
  <datafield tag="101" ind1="0" ind2=" ">
    <subfield code="a">rus</subfield>
  </datafield>
  <datafield tag="102" ind1=" " ind2=" ">
    <subfield code="a">RU</subfield>
  </datafield>
  <datafield tag="105" ind1=" " ind2=" ">
    <subfield code="a">a   |||||||||</subfield>
  </datafield>
  <datafield tag="200" ind1="1" ind2=" ">
    <subfield code="a">&#x41F;&#x43E;&#x43B;&#x43D;&#x43E;&#x435; &#x441;&#x43E;&#x431;&#x440;&#x430;&#x43D;&#x438;&#x435; &#x441;&#x43E;&#x447;&#x438;&#x43D;&#x435;&#x43D;&#x438;&#x439; &#x438; &#x43F;&#x438;&#x441;&#x435;&#x43C;</subfield>
    <subfield code="e">&#x412; 20 &#x442;.</subfield>
    <subfield code="f">&#x410;. &#x410;. &#x411;&#x43B;&#x43E;&#x43A;</subfield>
    <subfield code="g">[&#x420;&#x435;&#x434;&#x43A;&#x43E;&#x43B;.: ... &#x410;. &#x41B;. &#x413;&#x440;&#x438;&#x448;&#x443;&#x43D;&#x438;&#x43D; (&#x433;&#x43B;. &#x440;&#x435;&#x434;.) &#x438; &#x434;&#x440;.</subfield>
    <subfield code="g">&#x420;&#x43E;&#x441;. &#x430;&#x43A;&#x430;&#x434;. &#x43D;&#x430;&#x443;&#x43A;, &#x418;&#x43D;-&#x442; &#x43C;&#x438;&#x440;&#x43E;&#x432;&#x43E;&#x439; &#x43B;&#x438;&#x442;. &#x438;&#x43C;. &#x410;. &#x41C;. &#x413;&#x43E;&#x440;&#x44C;&#x43A;&#x43E;&#x433;&#x43E;, &#x418;&#x43D;-&#x442; &#x440;&#x443;&#x441;. &#x43B;&#x438;&#x442;. (&#x41F;&#x443;&#x448;&#x43A;. &#x434;&#x43E;&#x43C;)]</subfield>
  </datafield>
  <datafield tag="210" ind1=" " ind2=" ">
    <subfield code="a">&#x41C;.</subfield>
    <subfield code="c">&#x41D;&#x430;&#x443;&#x43A;&#x430;</subfield>
    <subfield code="d">1999</subfield>
  </datafield>
  <datafield tag="215" ind1=" " ind2=" ">
    <subfield code="d">22</subfield>
  </datafield>
  <datafield tag="463" ind1=" " ind2="0">
    <subfield code="1">00179184</subfield>
  </datafield>
  <datafield tag="463" ind1=" " ind2="0">
    <subfield code="1">00186862</subfield>
  </datafield>
  <datafield tag="463" ind1=" " ind2="0">
    <subfield code="1">001391449</subfield>
  </datafield>
  <datafield tag="463" ind1=" " ind2="0">
    <subfield code="1">0011715654</subfield>
  </datafield>
  <datafield tag="686" ind1=" " ind2=" ">
    <subfield code="a">&#x428;6(2=&#x420;)53&#x44F;44</subfield>
  </datafield>
  <datafield tag="700" ind1=" " ind2="1">
    <subfield code="4">070</subfield>
    <subfield code="8">rus</subfield>
    <subfield code="7">ca</subfield>
    <subfield code="a">&#x411;&#x43B;&#x43E;&#x43A;</subfield>
    <subfield code="b">&#x410;. &#x410;.</subfield>
    <subfield code="f">1880-1921</subfield>
    <subfield code="g">&#x410;&#x43B;&#x435;&#x43A;&#x441;&#x430;&#x43D;&#x434;&#x440; &#x410;&#x43B;&#x435;&#x43A;&#x441;&#x430;&#x43D;&#x434;&#x440;&#x43E;&#x432;&#x438;&#x447;</subfield>
    <subfield code="3">RU\NLR\auth\77311</subfield>
    <subfield code="9">110366</subfield>
  </datafield>
  <datafield tag="801" ind1=" " ind2="0">
    <subfield code="a">RU</subfield>
    <subfield code="b">NLR</subfield>
    <subfield code="c">20000511</subfield>
    <subfield code="g">PSBO</subfield>
  </datafield>
  <datafield tag="801" ind1=" " ind2="1">
    <subfield code="a">RU</subfield>
    <subfield code="b">NLR</subfield>
    <subfield code="c">20000511</subfield>
  </datafield>
  <datafield tag="830" ind1=" " ind2=" ">
    <subfield code="a">&#x410;&#x432;&#x442;. &#x440;&#x430;&#x441;&#x43A;&#x440;&#x44B;&#x442; &#x43F;&#x43E; &#x43A;&#x43D;.</subfield>
  </datafield>
  <datafield tag="852" ind1=" " ind2=" ">
    <subfield code="a">NLR</subfield>
    <subfield code="j">97-5/1251</subfield>
  </datafield>
  <datafield tag="942" ind1=" " ind2=" ">
    <subfield code="c">BOOK</subfield>
  </datafield>
</record>
